| 000 | 00604nam a2200193 a 4500 | ||
|---|---|---|---|
| 005 | 20140310183443.0 | ||
| 008 | 090114s19uu xx 00 eng d | ||
| 020 | _a9789719246411 | ||
| 050 |
_aHE 6185.P5 _b.St783 2008 |
||
| 245 |
_aStamps of the Philippines : _bhistorical and topical collections 1854-2004 / |
||
| 260 |
_aPhilippines : _bPHILSMED, _c2008. |
||
| 300 |
_a218 p. : _bcol. ill. ; _c23 cm. |
||
| 650 | _aGeneral Education. | ||
| 650 |
_aPostage stamps _xPhilippines. |
||
| 650 | _aHistory on postage stamps. | ||
| 650 | _aPhilippine History. | ||
| 942 |
_cBK _2lcc _kFLIR |
||
| 999 |
_c23182 _d23182 |
||